[Event "2nd HD Bank Cup 2012"]
[Site "Ho Chi Minh City VIE"]
[Date "2012.03.02"]
[Round "2.23"]
[White "Garcia,Jan"]
[Black "Vu Thi Dieu Ai"]
[Result "1-0"]
[WhiteElo "2405"]
[BlackElo "1833"]

1.c4 e5 2.g3 Nf6 3.Bg2 d5 4.cxd5 Nxd5 5.Nc3 Nb6 6.Nf3 Nc6 7.O-O Be7 8.d3 Be6
9.a3 a5 10.Be3 O-O 11.Bxb6 cxb6 12.Qa4 Rc8 13.Rac1 Qd7 14.Qb5 Bc5 15.b4 axb4
16.axb4 Nxb4 17.Qxd7 Bxd7 18.Nxe5 Be6 19.Nb5 f6 20.Nc4 Bg4 21.Rfe1 Rcd8 22.Bxb7 Rfe8
23.Kf1 Bf5 24.Kg2 Na2 25.Ra1 Bb4 26.Reb1 Rxe2 27.Bf3 Rc2 28.Ne3 Rd2 29.Nxf5 g6
30.Ne3 Bc5 31.d4 Bxd4 32.Nxd4 R8xd4 33.Bd5+  1-0

[Event "TCh-CAT 2012"]
[Site "Catalunya ESP"]
[Date "2012.03.03"]
[Round "6.5"]
[White "Gomez Jurado,L"]
[Black "Fernandez Cazorla,A"]
[Result "1-0"]
[WhiteElo "2266"]
[BlackElo "2260"]

1.c4 e5 2.g3 Nf6 3.Bg2 d5 4.cxd5 Nxd5 5.Nc3 Nb6 6.Nf3 Nc6 7.O-O Be7 8.a3 a5
9.d3 O-O 10.Be3 Be6 11.Na4 Nd5 12.Bc5 f6 13.Rc1 Kh8 14.Bxe7 Ncxe7 15.Nc5 Bc8
16.e4 Nb6 17.d4 Nc6 18.d5 Nb8 19.Qc2 Qd6 20.Rfd1 Rf7 21.Bf1 Ra7 22.Ne6 Na6
23.Bxa6 bxa6 24.Qd2 Bd7 25.Qxa5 g6 26.Qc5 Qxc5 27.Rxc5 Na8 28.Rdc1 Bxe6 29.dxe6 Re7
30.Rc6 Nb6 31.g4 g5 32.Nd2 Kg7 33.Nf1 Nc8 34.Ne3 Nd6 35.Nd5 Rxe6 36.Nxc7 Re7
37.Nd5 Red7 38.Nb6 Rd8 39.f3 Nb5 40.Nd5 Nd4 41.Rc7+ Rd7 42.Kf2 a5 43.a4 Kg6
44.Rxa7 Rxa7 45.Rc7 Ra8 46.Ne7+ Kf7 47.Nf5+ Kg8 48.Nxd4 exd4 49.Rc5 Rb8 50.Rb5 Rc8
51.Ke2 Rc4 52.b3 Rc3 53.Rxa5 d3+ 54.Kd2 Rxb3 55.Ra7 Rb2+ 56.Kxd3 Rxh2 57.Kc4 Rf2
58.Rb7 Rxf3 59.Rb3 Rf4 60.Kd5 Rxg4 61.a5 f5 62.exf5 Ra4 63.Ke6 Rxa5 64.Rb8+ Kg7
65.f6+ Kg6 66.Rg8+ Kh5 67.f7 Ra6+ 68.Ke5 Ra5+ 69.Ke4 Ra4+ 70.Ke3 Rf4 71.f8=Q Rxf8
72.Rxf8 Kg4 73.Kf2 h5 74.Kg2 h4 75.Ra8  1-0

[Event "32nd TCh-IND w 2012"]
[Site "Panaji IND"]
[Date "2012.03.03"]
[Round "6"]
[White "Harika,D"]
[Black "Bharathi,R"]
[Result "1-0"]
[WhiteElo "2516"]
[BlackElo "2096"]

1.c4 e5 2.g3 c6 3.Bg2 Nf6 4.d4 exd4 5.Qxd4 d5 6.Nf3 dxc4 7.Qxd8+ Kxd8 8.O-O Bc5
9.Nbd2 Ke7 10.Nxc4 Be6 11.Na5 Bb6 12.b4 Na6 13.Nxb7 Rab8 14.Na5 Nxb4 15.a3 Bxa5
16.axb4 Bxb4 17.Ne5 Rhc8 18.Nxc6+ Rxc6 19.Rxa7+ Kf8 20.Bxc6 Bc5 21.Ra5 Bb4
22.Ba3 Bxa3 23.Rxa3 g6 24.Ra8 Rxa8 25.Bxa8 Bc4 26.Bf3 Nd7 27.Re1 Ne5 28.Be4 Kg7
29.f4 Ng4 30.Bf3 Ne3 31.Kf2 Nf5 32.Rd1 Ne7 33.e4 h5 34.Rc1 Be6 35.Rc7 Ng8
36.Be2 Nf6 37.e5 Ng4+ 38.Bxg4 hxg4 39.Ke3 Kf8 40.Kd4 Ke8 41.Kc5 Kf8 42.Kd6 Bf5
43.Re7 Bc8 44.e6 fxe6 45.Rc7 Ba6 46.Kxe6 Bd3 47.Kf6  1-0

[Event "Tel Aviv GM"]
[Site "Tel Aviv ISR"]
[Date "2012.03.03"]
[Round "5"]
[White "Soffer,R"]
[Black "Striechman,Orri"]
[Result "1-0"]
[WhiteElo "2494"]
[BlackElo "1968"]

1.c4 e5 2.g3 d6 3.Nc3 g6 4.Bg2 Bg7 5.e4 Ne7 6.Nge2 Nd7 7.d4 O-O 8.d5 f5 9.exf5 Nxf5
10.Ne4 Nc5 11.Nxc5 dxc5 12.Nc3 Nd4 13.Ne4 Bf5 14.O-O Bxe4 15.Bxe4 Qd6 16.Qd3 Rf7
17.Kg2 Raf8 18.f3 Kh8 19.Be3 b6 20.Rf2 Qe7 21.h4 Bf6 22.Rh1 Rd8 23.h5 g5
24.Bf5 Nxf5 25.Qxf5 h6 26.Re1 Bg7 27.Qg4 Rdf8 28.Bd2 Qd6 29.Bc3 a6 30.Re3 b5
31.b3 b4 32.Bb2 a5 33.a4 Rf5 34.Rfe2 Qe7 35.Bc1 Qf7 36.Bd2 e4 37.Rxe4 Rxf3
38.Re7 Rf2+ 39.Kh3 Qf6 40.Be1 Rf1 41.Kg2 Qd4 42.Qxd4 Bxd4 43.R2e6 Rg1+ 44.Kh3 g4+
45.Kxg4 Rg8+ 46.Rg6 Bf6 47.Rxg8+ Kxg8 48.Re6 Bc3 49.Bf2 Rb1 50.Bxc5 Rxb3
51.Re8+ Kg7 52.Re7+ Kg8 53.Kf5 Bd2 54.Rxc7 Rf3+ 55.Ke6 Rxg3 56.Rc8+  1-0

[Event "2nd HD Bank Cup 2012"]
[Site "Ho Chi Minh City VIE"]
[Date "2012.03.04"]
[Round "5.14"]
[White "Garcia,Jan"]
[Black "Dao Thien Hai"]
[Result "1/2-1/2"]
[WhiteElo "2405"]
[BlackElo "2516"]

1.c4 e5 2.g3 g6 3.Bg2 Bg7 4.Nc3 d6 5.e3 Nc6 6.Nge2 Be6 7.d3 Qd7 8.Nd5 Nd8
9.h3 c6 10.Ndc3 Ne7 11.b3 O-O 12.Ba3 c5 13.Nd5 Ndc6 14.Bb2 f5 15.Qd2 Rab8
16.f4 Bf7 17.Nec3 Nxd5 18.Nxd5 Ne7 19.Nxe7+ Qxe7 20.O-O exf4 21.Bxg7 Kxg7
22.exf4 Qf6 23.d4 b6 24.Rad1 Rbd8 25.Rfe1 d5 26.dxc5 dxc4 27.Qc2 bxc5 28.bxc4 Rfe8
29.Rxe8 Rxe8  1/2-1/2

[Event "2nd HD Bank Cup 2012"]
[Site "Ho Chi Minh City VIE"]
[Date "2012.03.04"]
[Round "5.19"]
[White "Vo Thanh Ninh"]
[Black "Nguyen,Minh Tuan"]
[Result "1-0"]
[WhiteElo "2340"]
[BlackElo "2126"]

1.c4 e5 2.g3 f5 3.Bg2 Nf6 4.Nc3 Nc6 5.d3 Bb4 6.Bd2 O-O 7.Nd5 Bxd2+ 8.Qxd2 d6
9.e3 Ne7 10.Ne2 c6 11.Nxf6+ Rxf6 12.O-O Be6 13.Qc3 Qc7 14.f4 Raf8 15.b4 h5
16.h4 Kh7 17.Bf3 g6 18.Kg2 Ng8 19.Ng1 Nh6 20.Nh3 Kg8 21.Ng5 Nf7 22.c5 Qd8
23.d4 exf4 24.exf4 Nxg5 25.hxg5 R6f7 26.Rad1 Bxa2 27.d5 Bxd5 28.Bxd5 cxd5
29.Rxd5 Rd7 30.Qc4 Kh7 31.Rfd1 Qe7 32.Rxd6 Rfd8 33.Rxd7 Rxd7 34.Rxd7 Qxd7
35.b5 Qd2+ 36.Kh3 Qd1 37.Qf7+ Kh8 38.Qf8+ Kh7 39.Qh6+ Kg8 40.Qxg6+ Kh8 41.Qe8+ Kg7
42.Qe5+ Kg8 43.Qb8+ Kg7 44.Qxb7+ Kg8 45.Qa8+ Kg7 46.Qxa7+ Kh8 47.Qa8+ Kg7
48.Qb7+ Kg8 49.g6 Qg4+ 50.Kh2 Qe2+ 51.Qg2 Qxb5 52.Qd5+ Kh8 53.Qe5+  1-0

[Event "TCh-LTU 2012"]
[Site "Lithuania LTU"]
[Date "2012.03.04"]
[Round "7"]
[White "Baliasnyj,T"]
[Black "Zickus,S"]
[Result "1/2-1/2"]
[WhiteElo "2224"]
[BlackElo "2283"]

1.c4 e5 2.g3 Nc6 3.Bg2 f5 4.d3 Nf6 5.Nf3 g6 6.Nc3 Bg7 7.Rb1 a5 8.O-O O-O
9.a3 d6 10.b4 axb4 11.axb4 h6 12.b5 Ne7 13.b6 c5 14.Qb3 Ra6 15.Bd2 Nc6 16.e3 Bd7
17.Nd5 Nxd5 18.cxd5 Ne7 19.d4 cxd4 20.exd4 e4 21.Ne5 dxe5 22.d6+ Rf7 23.dxe5 Bxe5
24.dxe7 Qxe7 25.Be3 Kh7 26.Rfc1 Bc6 27.Bf1 Ra3 28.Qd1 Qf6 29.Bc5 Ra8 30.Rb4 Rd7
31.Qb3 Rad8 32.Be3 h5 33.Bb5 Bxb5 34.Rxb5 f4 35.gxf4 Bxf4 36.Bxf4 Qxf4 37.Rc7 h4
38.h3 Kh6 39.Qc3 Rd1+ 40.Kg2 R8d4 41.Rc8 Rd8 42.Rc7 R8d4 43.Rc8 Rd8  1/2-1/2

[Event "Zagreb Open A"]
[Site "Zagreb CRO"]
[Date "2012.03.06"]
[Round "2.14"]
[White "Tratar,M"]
[Black "Jurkovic,A"]
[Result "1-0"]
[WhiteElo "2499"]
[BlackElo "2352"]

1.c4 e5 2.g3 d6 3.Bg2 g6 4.Nc3 Bg7 5.d3 Ne7 6.e4 Nd7 7.Nge2 f5 8.exf5 Nxf5
9.Ne4 Qe7 10.Bg5 Nf6 11.g4 Nd4 12.Nxd4 exd4 13.O-O O-O 14.Re1 Qd7 15.h3 Rb8
16.Qd2 c6 17.Nxf6+ Bxf6 18.Bxf6 Rxf6 19.Re4 Qg7 20.Rae1 Bd7 21.Qa5 Rbf8 22.R1e2 Qh6
23.Qe1 Qg7 24.Re7 R6f7 25.Rxf7 Rxf7 26.Qa5 Qh6 27.Qd8+ Kg7 28.Re7 Qc1+ 29.Bf1 Qf4
30.Rxf7+ Qxf7 31.Qb8 h5 32.Qxd6 hxg4 33.Qxd4+ Kh6 34.hxg4 Kg5 35.Qxa7 Bxg4
36.Qe3+ Kh5 37.Be2 Bxe2 38.Qxe2+ Kh6 39.Qe5 Qd7 40.Qf4+ g5 41.Qe4 Qd6 42.a3  1-0

[Event "Zagreb Open A"]
[Site "Zagreb CRO"]
[Date "2012.03.08"]
[Round "4.9"]
[White "Cebalo,M"]
[Black "Bosiocic,Mari"]
[Result "0-1"]
[WhiteElo "2442"]
[BlackElo "2562"]

1.c4 e5 2.g3 Nf6 3.Bg2 d5 4.cxd5 Nxd5 5.Nc3 Nb6 6.Nf3 Nc6 7.O-O Be7 8.a3 O-O
9.b4 Be6 10.Rb1 f6 11.d3 Qd7 12.Ne4 Nd5 13.Qc2 a6 14.Nc5 Bxc5 15.Qxc5 Kh8
16.Bb2 Nb6 17.Ba1 Bh3 18.Rfd1 Bxg2 19.Kxg2 Rfd8 20.Rbc1 Qe6 21.Nd2 Nd4 22.Bxd4 exd4
23.Nf3 Qxe2 24.Re1 Qxd3 25.Qxc7 Nd5 26.Qxb7 Qxa3 27.Rc4 Rab8 28.Qa7 Ne3+
29.Rxe3 dxe3 30.Rg4 Rg8 31.Nh4 Rb5 32.Qf7 Qd3 33.Rxg7 Qd5+ 34.Qxd5 Rxd5 35.Re7 Re5  0-1

[Event "12th Mediterranean Flower WGM"]
[Site "Rijeka CRO"]
[Date "2012.03.09"]
[Round "9"]
[White "Mrakovcic,K"]
[Black "Berke,A"]
[Result "0-1"]
[WhiteElo "1779"]
[BlackElo "2159"]

1.c4 e5 2.g3 Nf6 3.Bg2 c6 4.Nc3 d5 5.cxd5 cxd5 6.d4 exd4 7.Qxd4 Nc6 8.Qd1 Be6
9.e3 Bb4 10.Bd2 O-O 11.Nf3 d4 12.exd4 Bc4 13.Be3 Nd5 14.Qd2 Re8 15.a3 Qa5
16.Rc1 Bxc3 17.bxc3 Qxa3 18.Bf1 Na5 19.Qc2 Bxf1 20.Rxf1 Nc4  0-1

[Event "TCh-CAT 2012"]
[Site "Catalunya ESP"]
[Date "2012.03.10"]
[Round "7.9"]
[White "Bofill Mas,A"]
[Black "Ayas Fernandez,A"]
[Result "1/2-1/2"]
[WhiteElo "2344"]
[BlackElo "2286"]

1.c4 e5 2.g3 Nf6 3.Bg2 d5 4.cxd5 Nxd5 5.Nc3 Nb6 6.Nf3 Nc6 7.O-O Be7 8.a3 O-O
9.b4 Re8 10.d3 a5 11.b5 Nd4 12.Rb1 Bf8 13.Nd2 Rb8 14.e3 Ne6 15.Nf3 Ng5 16.Nxg5 Qxg5
17.Qc2 Qe7 18.a4 Be6 19.Bd2 Red8 20.Ne2 Qd7 21.Bxa5 Qxd3 22.Rfc1 Qxc2 23.Rxc2 Ra8
24.Bc3 Nc4 25.Ra1 Na3 26.Rb2 Rxa4 27.Bxb7 f6 28.Bc6 Rc4 29.Rba2 Rxc6 30.bxc6 Bxa2
31.Rxa2 Nb5 32.Rc2 Ra8 33.f4 Ra6 34.Bb2 Na7 35.fxe5 fxe5 36.Bxe5 Nxc6 37.Bxc7 Nb4
38.Rd2 Rc6 39.Bf4 Bc5 40.Kg2 h6 41.h4 Re6 42.Kf3 Nc6 43.e4 Kf7 44.Rd5 Bb6
45.h5 g5 46.Rd7+ Ke8 47.Rd6 Kf7 48.Rxe6 Kxe6 49.Bd2 Ne5+ 50.Kg2 Ng4 51.Bb4 Nf6
52.Bf8 Nxe4  1/2-1/2

[Event "TCh-FIN SM-Liiga 2011-12"]
[Site "Helsinki FIN"]
[Date "2012.03.10"]
[Round "10.2"]
[White "Miezis,N"]
[Black "Kiik,K"]
[Result "1-0"]
[WhiteElo "2534"]
[BlackElo "2406"]

1.c4 e5 2.g3 Nf6 3.Bg2 d5 4.cxd5 Nxd5 5.Nc3 Nb6 6.Nf3 Nc6 7.O-O Be7 8.d3 O-O
9.a3 a5 10.Be3 Bg4 11.Rc1 Re8 12.Re1 Rb8 13.Ne4 Nd5 14.Bd2 Bf8 15.h3 Bxf3
16.Bxf3 Nd4 17.Bg2 c6 18.Qa4 Ra8 19.e3 Ne6 20.Qc2 Qd7 21.Red1 f6 22.Nc3 Ndc7
23.Na4 Qf7 24.Be1 Nb5 25.Kh2 Ra6 26.Nc3 Nxc3 27.Qxc3 a4 28.Qc4 b5 29.Qg4 f5
30.Qe2 Qd7 31.Qc2 c5 32.d4 exd4 33.Qxf5 Qe7 34.exd4 Nxd4 35.Qd5+ Kh8 36.Bc3 Ne2
37.Rc2 Re6 38.Qh5 b4 39.axb4 cxb4 40.Bd2 Re5 41.Qg4 Qd8 42.Rc6 a3 43.bxa3 bxa3
44.Qa4 Qd4 45.Qxd4 Nxd4 46.Rc4 Nb3 47.Bc3 Re2 48.Kg1 a2 49.Bd5  1-0

[Event "TCh-SVK Extraliga 2011-12"]
[Site "Slovakia SVK"]
[Date "2012.03.10"]
[Round "10.5"]
[White "Kleman,M"]
[Black "Lisko,F"]
[Result "0-1"]
[WhiteElo "2230"]
[BlackElo "2311"]

1.g3 e5 2.c4 Nf6 3.Bg2 d5 4.cxd5 Nxd5 5.Nc3 Nb6 6.Nf3 Nc6 7.O-O Be7 8.d3 O-O
9.a3 Re8 10.b4 Bf8 11.Bb2 a5 12.b5 Nd4 13.Nd2 c6 14.bxc6 Nxc6 15.Rc1 Bg4
16.h3 Bh5 17.Re1 a4 18.Nce4 Ra5 19.Nc4 Rb5 20.Nc3 Rxb2 21.Nxb2 Bxa3 22.Rb1 Bb4
23.Qc1 Qd4 24.Nbd1 Qc5 25.Rf1 a3 26.g4 Bg6 27.Na2 Qxc1 28.Nxc1 e4 29.dxe4 Bxe4
30.Nd3 a2 31.Ra1 Bxd3 32.exd3 Re2 33.Bf3 Rd2 34.Re1 Nd4 35.Re8+ Bf8 36.Kg2 Nb3
37.Rxa2 Rxa2 38.Bxb7 Nc5 39.Be4 Nxe4 40.dxe4 f6 41.Rb8 Nd7 42.Rb2 Rxb2 43.Nxb2 Ne5
44.f4 Ba3 45.Nd1 Nd3 46.Kg3 Bc1 47.f5 Bd2 48.Kf3 Nf4 49.h4 h5 50.gxh5 Nxh5
51.Nb2 Kh7 52.Nd3 Bc3 53.Kg4 Kh6 54.Kf3 Be5 55.Kg4 Bb8 56.Nc5 Nf4 57.Nd7 Bc7
58.Nc5 Ne2 59.Kf3 Nd4+ 60.Kg4 Nc6 61.Ne6 Be5 62.Nc5 Nd4 63.Nd3 Bd6 64.Nc1 Nc6
65.Ne2 Ne5+ 66.Kh3 Nd3 67.Kg4 Nc5 68.Kf3 Kh5  0-1

[Event "Zagreb Open A"]
[Site "Zagreb CRO"]
[Date "2012.03.10"]
[Round "7.11"]
[White "Dvirnyy,D"]
[Black "Sertic,Ru"]
[Result "1-0"]
[WhiteElo "2507"]
[BlackElo "2396"]

1.c4 e5 2.g3 Nf6 3.Bg2 c6 4.d4 d6 5.Nc3 Qc7 6.Nf3 Be7 7.O-O O-O 8.Qc2 Bg4
9.Rd1 Nbd7 10.h3 Bh5 11.Nh4 exd4 12.Rxd4 Nc5 13.Be3 Rfe8 14.Rd2 Nfd7 15.Nf5 Bf8
16.Qd1 Nb6 17.b3 Rad8 18.Bf4 Nc8 19.g4 Bg6 20.b4 Ne6 21.Bg3 Qb6 22.a3 a5
23.Rb1 axb4 24.axb4 Qa6 25.b5 Qa5 26.Rc1 cxb5 27.Nxb5 Bxf5 28.gxf5 Nc7 29.Rb2 Ne7
30.Qc2 Nc6 31.Rcb1 Na6 32.e3 Rd7 33.Nd4 Nab4 34.Nxc6 Nxc6 35.Rxb7 Rxb7 36.Rxb7 Ne7
37.Rb5 Qe1+ 38.Kh2 Rd8 39.Be4 h6 40.Bh4 f6 41.Bg3 Kh8 42.Qd3 Kh7 43.Qb3 Qe2
44.Kg2 Qd2 45.Rb8 Qa5 46.Qb7 Ng8 47.Rc8 Ne7 48.Rb8 Ng8 49.Bd5 Ne7 50.Be6 Nc6
51.Qf7 Be7 52.Rb7 Rf8 53.Qg6+ Kh8 54.Bf4 Rg8 55.Bxg8  1-0

[Event "Zagreb Open A"]
[Site "Zagreb CRO"]
[Date "2012.03.11"]
[Round "8.12"]
[White "Cebalo,M"]
[Black "Jurkovic,A"]
[Result "1-0"]
[WhiteElo "2442"]
[BlackElo "2352"]

1.c4 e5 2.g3 Nf6 3.Bg2 c6 4.d4 exd4 5.Qxd4 Na6 6.Nf3 Bc5 7.Qe5+ Qe7 8.Qxe7+ Kxe7
9.a3 d5 10.b4 Bd6 11.cxd5 Nxd5 12.Bb2 f6 13.Nbd2 Nb6 14.Rc1 Kf7 15.O-O Re8
16.Rfe1 Nb8 17.Nd4 a6 18.N2b3 Na4 19.Ba1 Rd8 20.f4 Nd7 21.Red1 Nf8 22.Nxc6 bxc6
23.Bxc6 Rb8 24.Bxa4 Bd7 25.Bxd7 Rxd7 26.Rd3 Ke8 27.Rc6 Be7 28.Rxd7 Nxd7 29.Rxa6 Nb6
30.Bd4 Nc4 31.Kf2  1-0

[Event "e2e4 High Wycombe Open"]
[Site "High Wycombe ENG"]
[Date "2012.03.16"]
[Round "1"]
[White "Tozer,Philip A A"]
[Black "Edwards,R"]
[Result "1-0"]
[WhiteElo "2170"]
[BlackElo "1995"]

1.c4 e5 2.g3 d6 3.Bg2 g6 4.Nc3 Bg7 5.e4 Nc6 6.Nge2 Be6 7.d3 Qd7 8.Nd5 f6
9.Be3 Nge7 10.O-O O-O 11.Qd2 Rae8 12.Rac1 b6 13.b4 Nd8 14.d4 c6 15.Nxe7+ Rxe7
16.Rfd1 Nf7 17.c5 bxc5 18.d5 cxd5 19.exd5 Bh3 20.Bxh3 Qxh3 21.bxc5 dxc5 22.Rxc5 Rd7
23.Nc3 Nd6 24.Rc6 Rfd8 25.Bc5 Nf5 26.Qe2 Bf8 27.Ne4 Rf7 28.Rxf6 Bxc5 29.Rxf7 Nd4
30.Qc4 Qg4 31.Nf6+  1-0

[Event "e2e4 High Wycombe Open"]
[Site "High Wycombe ENG"]
[Date "2012.03.17"]
[Round "3"]
[White "Tozer,Philip A A"]
[Black "White,Mi"]
[Result "1-0"]
[WhiteElo "2170"]
[BlackElo "2263"]

1.c4 e5 2.g3 Nf6 3.Bg2 d5 4.cxd5 Nxd5 5.Nc3 Nb6 6.Nf3 Nc6 7.O-O Be7 8.a3 O-O
9.b4 Be6 10.d3 f6 11.Bb2 a5 12.b5 Nd4 13.Nxd4 exd4 14.Na4 Bd5 15.Bxd5+ Qxd5
16.Nxb6 cxb6 17.Qa4 Bc5 18.Rac1 Rfe8 19.Qc4 Qxc4 20.Rxc4 Rxe2 21.Bxd4 Bxa3
22.Bxb6 Bb2 23.Ra4 Bc3 24.Rc1 Re1+ 25.Rxe1 Bxe1 26.Bc5 Kf7 27.Re4 Re8 28.Rd4 Re5
29.Rd7+ Ke8 30.Rc7 b6 31.d4 Rf5 32.Bxb6 Bxf2+ 33.Kg2 Rxb5 34.Bc5 Rb2 35.Kf3 Bg1
36.h4 Rb3+ 37.Kg2 Be3 38.Rxg7 h6 39.Re7+ Kd8 40.Ra7 Bd2 41.Be7+ Kc8 42.Bxf6 Kb8
43.Re7 Rd3 44.Be5+ Ka8 45.Kf2 Bc1 46.Rc7 Bb2 47.Ke2 Rb3 48.Kd2 a4 49.Kc2 Rb6
50.Rc4 a3 51.Ra4+ Kb7 52.Bf4 Kc6 53.Ra5 Rb4 54.d5+ Kb6 55.Ra8 Rc4+ 56.Kb1 Rc3
57.d6 Rd3 58.Kc2 Rd5 59.g4 Kb7 60.Ra4 Rc5+ 61.Kb3 h5 62.gxh5 Rxh5 63.Bg5 Rh7
64.Rc4 Rd7 65.Bf4 Kb6 66.h5 Ka7 67.Be3+  1-0

[Event "e2e4 High Wycombe Open"]
[Site "High Wycombe ENG"]
[Date "2012.03.17"]
[Round "3"]
[White "Malhotra,Tarun"]
[Black "Merry,Alan B"]
[Result "0-1"]
[WhiteElo "1982"]
[BlackElo "2130"]

1.c4 e5 2.g3 Nf6 3.Bg2 d5 4.cxd5 Nxd5 5.Nc3 Nb6 6.d3 Nc6 7.Nf3 Bf5 8.O-O Qd7
9.b3 O-O-O 10.Be3 f6 11.Na4 Bh3 12.Nc5 Bxc5 13.Bxc5 h5 14.b4 h4 15.a4 Bxg2
16.Kxg2 hxg3 17.fxg3 e4 18.Nh4 g5 19.Nf5 Qh7 20.Bg1 Ne5 21.e3 Rxd3 22.Qe2 Qh3+
23.Kh1 Nf3 24.Ne7+ Kb8 25.Rad1 Qh7 26.a5 Rxd1 27.Rxd1 Qxe7 28.axb6 cxb6 29.b5 Rd8
30.Ra1 Rd2 31.Qc4 Qh7 32.Ra2 Rd1  0-1

[Event "TCh-CZE Liga1 Vychod"]
[Site "Czech Rep CZE"]
[Date "2012.03.18"]
[Round "10.1"]
[White "Cvek,R"]
[Black "Haba,P"]
[Result "1/2-1/2"]
[WhiteElo "2518"]
[BlackElo "2502"]

1.c4 e5 2.g3 d6 3.Bg2 g6 4.Nc3 Bg7 5.d3 f5 6.e4 Nf6 7.Nge2 O-O 8.O-O c6 9.exf5 Bxf5
10.h3 Na6 11.d4 Qc7 12.Be3 Rad8 13.d5 c5 14.g4 Bd7 15.Ng3 Qb8 16.Qd2 b5 17.Nxb5 Bxb5
18.cxb5 Qxb5 19.b3 Qb4 20.Rfd1 Qxd2 21.Rxd2 Rb8 22.Bf1 Nc7 23.Bc4 Nb5 24.g5 Ne8
25.Bxb5 Rxb5 26.Rc1 Rf7 27.Rc4 Rfb7 28.Ne4 Bf8 29.Rd3 Rb4 30.Bd2 Rxc4 31.bxc4 Be7
32.Rb3 Rxb3 33.axb3 Ng7 34.f4 exf4 35.Bxf4 Nf5 36.Kf2 Kf7 37.Ke2 Bf8 38.Kd3 Ke7
39.Bd2 h6 40.gxh6 Bxh6 41.Bxh6 Nxh6 42.Ke3 Ng8 43.Kf4 Nf6 44.Nc3 a6 45.Nd1 Kf7
46.Nf2 Nh5+ 47.Kg5 Nf6 48.h4 Kg7 49.Kf4 Kh6 50.Kf3 Kh5 51.Kg3 g5 52.hxg5 Kxg5
53.Kf3 Kf5 54.Ke2 Nd7  1/2-1/2

[Event "Caissa IM March 2012"]
[Site "Kecskemet HUN"]
[Date "2012.03.18"]
[Round "3.2"]
[White "Meszaros,Gyu"]
[Black "Gupta,B"]
[Result "1/2-1/2"]
[WhiteElo "2273"]
[BlackElo "2077"]

1.c4 e5 2.g3 c6 3.d4 e4 4.Bg2 d5 5.Nh3 h6 6.cxd5 cxd5 7.O-O Nf6 8.Nc3 Nc6
9.Bf4 Bd6 10.Qd2 O-O 11.Bxd6 Qxd6 12.f3 exf3 13.exf3  1/2-1/2

[Event "ch-Moscow w 2012"]
[Site "Moscow RUS"]
[Date "2012.03.21"]
[Round "5"]
[White "Vasilevich,I"]
[Black "Burtasova,A"]
[Result "1-0"]
[WhiteElo "2380"]
[BlackElo "2276"]

1.c4 e5 2.g3 Nf6 3.Bg2 c6 4.Nf3 e4 5.Nd4 d5 6.cxd5 cxd5 7.O-O Bc5 8.Nb3 Bb6
9.Nc3 O-O 10.d3 Qe7 11.Bg5 Rd8 12.Qc1 e3 13.Nxd5 exf2+ 14.Kh1 Rxd5 15.Bxd5 Nc6
16.Bg2 Qxe2 17.Bxf6 gxf6 18.Nc5 Nd4 19.Ne4 Nc2 20.Nxf6+ Kh8 21.Qh6 Bf5 22.Nd5 Bd4
23.Rac1 Bxd3 24.Qf4 Bxb2 25.Rxf2 Qh5 26.Rb1 Bg7 27.Qd2 Bg6 28.Nf4  1-0

[Event "ch-Moscow w 2012"]
[Site "Moscow RUS"]
[Date "2012.03.23"]
[Round "7"]
[White "Vasilevich,I"]
[Black "Ambartsumova,K"]
[Result "1-0"]
[WhiteElo "2380"]
[BlackElo "2318"]

1.c4 e5 2.g3 Nf6 3.Bg2 Nc6 4.Nc3 Bc5 5.a3 a6 6.e3 O-O 7.Nge2 d6 8.O-O Ba7
9.d3 Re8 10.b4 Ne7 11.Bb2 Ng6 12.a4 Rb8 13.a5 Be6 14.Rc1 c6 15.Ne4 Nxe4 16.dxe4 f6
17.Qa4 Qe7 18.Ba3 Qf7 19.Qc2 Red8 20.Rfd1 Ne7 21.Rd2 Rd7 22.b5 cxb5 23.cxb5 axb5
24.Rxd6 Nc6 25.Rxd7 Qxd7 26.Rd1 Qf7 27.Qd2 Bb3 28.Rc1 Rd8 29.Rxc6 Rxd2 30.Rc8+ Qe8
31.Rxe8+ Kf7 32.Re7+ Kg6 33.Bf3 Ra2 34.Bb4 Ra4 35.Bd6 Rxa5 36.Rxb7 Bc4 37.Bf8 f5
38.exf5+ Kxf5 39.g4+ Ke6 40.Nc3  1-0

[Event "ch-Moscow w 2012"]
[Site "Moscow RUS"]
[Date "2012.03.25"]
[Round "9"]
[White "Vasilevich,I"]
[Black "Kharmunova,N"]
[Result "1/2-1/2"]
[WhiteElo "2380"]
[BlackElo "2191"]

1.c4 e5 2.g3 Nf6 3.Bg2 Nc6 4.Nc3 g6 5.Rb1 a5 6.d3 Bg7 7.e4 d6 8.Nge2 Be6
9.Nd5 h6 10.O-O O-O 11.f4 Nb4 12.Nxf6+ Qxf6 13.f5 Bd7 14.Nc3 c6 15.a3 Na6
16.Be3 Qd8 17.Qd2 g5 18.b4 Bf6 19.Qf2 axb4 20.axb4 Nc7 21.Bb6 Qc8 22.Ra1 Ne8
23.Qb2 Bd8 24.Be3 Nf6 25.Rxa8 Qxa8 26.Ra1 Qc8 27.h3 Re8 28.g4 Bc7 29.Qd2 Qd8
30.Qf2 Qe7 31.Ra7 Bc8 32.b5 c5 33.Qd2 Qd8 34.Qa2 Kg7 35.Bd2 Rh8 36.Ra8 Nd7
37.Nd5 Nb6 38.Nxc7 Nxa8 39.Nd5 Bd7 40.f6+ Kg6 41.Qa7 Qb8 42.Qxb8 Rxb8 43.b6 Be6
44.Ba5 Bxd5 45.exd5 Kxf6 46.Be4 Rh8 47.Kg2 h5 48.Bf5 hxg4 49.hxg4 Ke7 50.Be4 Kd8
51.Bf5 Rh4 52.Bd2 f6 53.Ba5 Rh8 54.Be6 Ke7 55.Bf5 Rh4 56.Bc8 Rh8 57.Bf5 Nxb6
58.Bxb6 Ra8 59.Kf3 Ra6 60.Bc7 Ra1 61.Ke3 Ra2 62.Bc8 Ra7 63.Bb6 Ra8 64.Bf5 Ra2
65.Bc7 Rb2 66.Be6  1/2-1/2

[Event "ch-Urals Men 2012"]
[Site "Satka RUS"]
[Date "2012.03.29"]
[Round "6"]
[White "Gorbushin,M"]
[Black "Fokin,Andrey"]
[Result "1/2-1/2"]
[WhiteElo "2198"]
[BlackElo "2101"]

1.c4 e5 2.g3 f5 3.Bg2 Nf6 4.Nc3 Nc6 5.d3 Bb4 6.Bd2 O-O 7.e3 d6 8.Nge2 Be6
9.Nd5 Bxd2+ 10.Qxd2 Bxd5 11.cxd5 Ne7 12.e4 Qd7 13.O-O c5 14.f4 Rac8 15.fxe5 dxe5
16.Bh3 g6 17.Qg5 c4 18.Bxf5 Nxf5 19.Rxf5 cxd3 20.Rxf6 dxe2 21.Qxe5 Qb5 22.Qe6+ Kg7
23.Qe7+ Kg8 24.Qe6+ Kg7 25.Qe7+ Kg8 26.Qe6+ Kg7  1/2-1/2

[Event "17th Metropolitan IM"]
[Site "Los Angeles USA"]
[Date "2012.03.30"]
[Round "5"]
[White "Casella,M"]
[Black "Amanov,Z"]
[Result "1/2-1/2"]
[WhiteElo "2248"]
[BlackElo "2404"]

1.c4 e5 2.g3 Nf6 3.Bg2 c6 4.d4 exd4 5.Qxd4 d5 6.Nf3 Be6 7.O-O dxc4 8.Qxd8+ Kxd8
9.Rd1+ Nbd7 10.Ng5 Ke8 11.Nxe6 fxe6 12.Bh3 e5 13.Nd2 b5 14.a4 Nc5 15.axb5 cxb5
16.Nf3 e4 17.Nd4 Rd8 18.Be3 a6 19.Nc6 Ra8 20.Nd4 Na4 21.Ne6 Kf7 22.Ng5+ Kg6
23.Be6 Bc5 24.Nf7 Bxe3 25.Nxh8+ Rxh8 26.fxe3 Re8 27.Rd6 Nc5 28.Bh3 Re5 29.Bc8 Rd5
30.Rxd5 Nxd5 31.Bxa6 Nc7 32.Bc8 Na4 33.Ra2 Nd5 34.Bd7 Nb4 35.Rxa4 bxa4 36.Bxa4 Na2
37.Kf2 Kf5 38.Ke1 c3 39.bxc3 Nxc3 40.Bc6 Ke5  1/2-1/2

[Event "ch-Urals Men 2012"]
[Site "Satka RUS"]
[Date "2012.03.30"]
[Round "7"]
[White "Chernyuk,Mikhail"]
[Black "Postnikov,D"]
[Result "1/2-1/2"]
[WhiteElo "2256"]
[BlackElo "2141"]

1.c4 e5 2.g3 Nf6 3.Bg2 d5 4.cxd5 Nxd5 5.Nf3 Nc6 6.d3 Be7 7.O-O O-O 8.a3 a5
9.Bd2 Be6 10.Nc3 f6 11.Rc1 Qd7 12.Qc2 Rfe8 13.Ne4 a4 14.Nc5 Bxc5 15.Qxc5 Nde7
16.Rfe1 Ra6 17.Be3 Na5 18.Nd2 b6 19.Qc2 c5 20.Rcd1 Nb3 21.Nxb3 Bxb3 22.Qc1 Nc6
23.Qc3 Ra7 24.Rc1 Rc7 25.Qd2 Nd4 26.Rc3 Be6 27.Bxd4 cxd4 28.Rxc7 Qxc7 29.e3 Qc5
30.exd4 Qxd4 31.h3 Bb3 32.Rc1 Rd8 33.Qc3 Qxd3 34.Qc7 Qd6 35.Qb7 Rd7 36.Qa8+ Kf7
37.Bc6 Re7 38.Bxa4 Be6 39.Qf3 g6 40.Qe3 Qd4 41.Qxd4 exd4 42.Rd1 Bxh3 43.Rxd4 Bf5
44.Rb4 Re1+ 45.Kg2 Be4+ 46.f3 Re2+ 47.Kf1 Bd3 48.Kg1 Re1+ 49.Kf2 Re2+ 50.Kg1 Re1+
51.Kg2 Re2+ 52.Kh3 Rf2 53.Bb5 Bf5+ 54.g4 Be6 55.Kg3 Rd2 56.Kf4 Rd6 57.Ra4 h5
58.Ra7+ Kg8 59.gxh5 gxh5 60.Re7 Kf8 61.Rb7 h4 62.Rh7  1/2-1/2

[Event "TCh-NED Meesterklasse 2011-12"]
[Site "Netherlands NED"]
[Date "2012.03.31"]
[Round "8.8"]
[White "Nagtegaal,K"]
[Black "Driessens,P"]
[Result "0-1"]
[WhiteElo "2198"]
[BlackElo "2311"]

1.c4 e5 2.g3 Nf6 3.Bg2 c6 4.d4 Bb4+ 5.Bd2 Bxd2+ 6.Qxd2 d6 7.Nc3 O-O 8.e3 Qe7
9.Nge2 Bg4 10.h3 Bxe2 11.Nxe2 Nbd7 12.g4 Rad8 13.Ng3 d5 14.cxd5 Nxd5 15.O-O N7b6
16.Rac1 g6 17.Rfd1 f5 18.gxf5 gxf5 19.dxe5 Qxe5 20.Qd4 Qxd4 21.Rxd4 f4 22.exf4 Nxf4
23.Rcd1 Nbd5 24.Bf1 Rd6 25.R1d2 Rg6 26.Kh2 h5 27.Re4 h4 28.Ne2 Rgf6 29.Nxf4 Rxf4
30.Rxf4 Rxf4 31.b3 Kf7 32.Kg1 Ke6 33.Be2 a5 34.Bg4+ Kd6 35.Re2 a4 36.Re6+ Kc5
37.Rh6 a3 38.Rxh4 Nc3 39.Rh8 Kb4 40.Ra8 b5 41.Bd7 Rf6 42.f4 Nxa2 43.f5 Nc3
44.Be6 a2 45.Kf2 Na4  0-1

[Event "ch-Urals Men 2012"]
[Site "Satka RUS"]
[Date "2012.03.31"]
[Round "8"]
[White "Artamonov,V"]
[Black "Sofyin,Pavel"]
[Result "0-1"]
[WhiteElo "2250"]
[BlackElo "1997"]

1.c4 e5 2.g3 Nc6 3.Bg2 f5 4.Nc3 Nf6 5.a3 a5 6.e3 d6 7.d4 e4 8.f3 exf3 9.Nxf3 g6
10.Qd3 Bg7 11.d5 Ne5 12.Nxe5 dxe5 13.e4 O-O 14.Bg5 h6 15.Bxf6 Qxf6 16.O-O-O Bd7
17.Rhf1 c6 18.Kb1 Rab8 19.Ka1 b5 20.dxc6 Bxc6 21.cxb5 Bb7 22.a4 Qe6 23.Nd5 Rbd8
24.Qb3 Kh8 25.Rd2 f4 26.gxf4 exf4 27.Rd3 Qe5 28.Rxf4 Bxd5 29.Rxf8+ Rxf8 30.Rxd5 Qxh2
31.Rd2 h5 32.b6 Be5 33.b7 Kg7 34.Qe6 Rf6 35.Qe8 Qg1+ 36.Ka2 Rb6 37.Bh3 Qe3
38.Qd7+ Kh6 39.Be6 Rxb7 40.Qxb7 Qxd2 41.Bf7 Qd4 42.Qb5 h4 43.Be6 Bf6 44.Qb7 Qxa4+
45.Kb1 Qb4 46.Qxb4 axb4 47.Kc2 Kg5 48.b3 Kf4 49.Kd3 Kg3 50.Ke2 h3 51.e5 Bxe5
52.Kf1 g5 53.Kg1 g4 54.Kh1 Kh4  0-1

[Event "TCh-BEL 2011-12"]
[Site "Belgium BEL"]
[Date "2012.04.01"]
[Round "11.7"]
[White "Dal Borgo,A"]
[Black "Kartsev,A2"]
[Result "1/2-1/2"]
[WhiteElo "2220"]
[BlackElo "2174"]

1.c4 e5 2.g3 Nf6 3.Bg2 d5 4.cxd5 Nxd5 5.Nf3 Nc6 6.O-O Be7 7.d4 e4 8.Ne5 Nxe5
9.dxe5 Bf5 10.Bxe4 Ne3 11.Bxe3 Bxe4 12.Nc3 Bc6 13.Qxd8+ Rxd8 14.Rfd1 O-O
15.Rxd8 Rxd8 16.Rd1 Rxd1+ 17.Nxd1 a5 18.Bd2 a4 19.a3 Bd5 20.Nc3 Bb3 21.e4 c6
22.Be3 b5 23.Ne2 Bc2 24.f3 Bd1 25.Nd4 Bc5 26.Kf2 Bxd4 27.Bxd4 Kf8 28.f4 Ke7
29.f5 g6 30.Ke3 Bc2 31.Kf4 Kd7 32.Bc5 Bb1 33.h4 Bc2 34.g4 Bd3 35.e6+ fxe6
36.fxg6 hxg6 37.h5 gxh5 38.gxh5 Ke8 39.e5 Kf7 40.Kg5 Bc2  1/2-1/2